000 00666nam a2200277Ia 4500
005 20260324140546.0
008 008 260324s9999 xx 000 0 eng d
020 _a9780429177422
037 _aEBOOK
040 _aCRL
040 _beng
040 _cCRL
041 _2eng
041 _aeng
084 _qCRL
100 _aBarbara S. Larsen; Charles N. McEwen
_91204861
245 0 _aMass Spectrometry of Biological Materials
260 _bTaylor and Francis
260 _c1998
365 _a
365 _b640
856 _uhttp://www.taylorfrancis.com/books/9780429177422
942 _cEBOOK
999 _c1807054
_d1807054